00524cam a22002291 4500001001300000003000400013005001700017008004100034010001700075025002000092035002000112040002100132042001200153050001800165100001700183245001500200260001100215300001800226500001600244650001700260999001700277sa 68011367 DLC20260227112559.0950303s1967 ii 000 0 beno  asa 68011367  aPL480:EP-B-1662 a(OCoLC)32084009 aDLCcCUdCUdDLC apremarc00aBP166.2b.A451 aAli, Shahed.10aTaohīda. c[1967] a30 p.c22 cm. aIn Bengali. 0aGod (Islam). c83840d83840